000 00461nam a2200193Ia 4500
003 0100
008 130307s9999 xx 000 0 und d
040 _cARRUPELIB
050 _aB3329.S482E5 1973
100 _aScheler, Max
245 _aSelected philosophical essays
260 _aEvanson
260 _bNorthwestern University Press
260 _c1973
300 _axli
300 _b359p. 23cm.
700 _aLachterman, David R. (tr.)
942 0 0 _01
999 _c94260
_d94260